Regional (Record no. 79030)

MARC details
000 -LEADER
fixed length control field 00820cab a22002415a 4500
001 - CONTROL NUMBER
control field L139226
008 - FIXED-LENGTH DATA ELEMENTS--GENERAL INFORMATION
fixed length control field 070724e20070720xxko f 000 0 eng d
035 ## - SYSTEM CONTROL NUMBER
System control number (Sirsi) u139226
041 0# - LANGUAGE CODE
Language code of text/sound track or separate title eng
100 1# - MAIN ENTRY--PERSONAL NAME
Personal name Heap, Richard
245 00 - TITLE STATEMENT
Title Regional
Remainder of title Central London
260 ## - PUBLICATION, DISTRIBUTION, ETC.
Date of publication, distribution, etc. 2007
490 #0 - SERIES STATEMENT
Series statement Property Week
Volume/sequential designation 72(29) 20 July 2007, 91-108(8)
520 ## - SUMMARY, ETC.
Summary, etc. Looks at Kier's PFI project to renovate Middlesex Guildhall for use as the UK's Supreme Court. Reports on how London's shortage of upmarket hotels is creating an opportunity for international investors.
590 ## - LOCAL NOTE (RLIN)
Local note KA
651 #4 - SUBJECT ADDED ENTRY--GEOGRAPHIC NAME
Geographic name Central London
690 ## - LOCAL SUBJECT ADDED ENTRY--TOPICAL TERM (OCLC, RLIN)
Topical term or geographic name as entry element PROPERTY-COMMERCIAL PROPERTY-COMMERCIAL PROPERTY MARKET
700 1# - ADDED ENTRY--PERSONAL NAME
Personal name Shepherd, Mark
700 1# - ADDED ENTRY--PERSONAL NAME
Personal name Watson, Stuart
700 1# - ADDED ENTRY--PERSONAL NAME
Personal name Hipwell, Deidre
700 1# - ADDED ENTRY--PERSONAL NAME
Personal name Chesters, Laura
942 ## - ADDED ENTRY ELEMENTS (KOHA)
Suppress in OPAC 0
Holdings
Withdrawn status Lost status Source of classification or shelving scheme Damaged status Not for loan Home library Current library Shelving location Date acquired Total Checkouts Full call number Barcode Date last seen Copy number Price effective from Koha item type
    Dewey Decimal Classification     London London Journal article 24/07/2007   L139226 139226-1001 06/08/2019 1 06/08/2019 Journal article